The emotionally destructive relationship / (Record no. 401801)
[ view plain ]
| 000 -LEADER | |
|---|---|
| fixed length control field | 01757cam a22003134a 4500 |
| 001 - CONTROL NUMBER | |
| control field | 14794081 |
| 005 - DATE AND TIME OF LATEST TRANSACTION | |
| control field | 20241107181107.0 |
| 008 - FIXED-LENGTH DATA ELEMENTS--GENERAL INFORMATION | |
| fixed length control field | 070403s2007 oru b 000 0 eng |
| 010 ## - LIBRARY OF CONGRESS CONTROL NUMBER | |
| LC control number | 2007014155 |
| 020 ## - INTERNATIONAL STANDARD BOOK NUMBER | |
| International Standard Book Number | 9780736918978 (pbk.) |
| 040 ## - CATALOGING SOURCE | |
| Original cataloging agency | DLC |
| Transcribing agency | DLC |
| Modifying agency | DLC |
| Description conventions | rda |
| 050 00 - LIBRARY OF CONGRESS CALL NUMBER | |
| Classification number | BV4597.52 |
| Item number | .V47 2007 |
| 082 00 - DEWEY DECIMAL CLASSIFICATION NUMBER | |
| Classification number | 248.8/6 |
| Edition number | 22 |
| 092 ## - LOCALLY ASSIGNED DEWEY CALL NUMBER (OCLC) | |
| Classification number | general nonfiction |
| Item number | 248.8 Vernick |
| 100 1# - MAIN ENTRY--PERSONAL NAME | |
| Personal name | Vernick, Leslie. |
| 9 (RLIN) | 6496302 |
| 245 14 - TITLE STATEMENT | |
| Title | The emotionally destructive relationship / |
| Statement of responsibility, etc | Leslie Vernick. |
| 260 ## - PUBLICATION, DISTRIBUTION, ETC. (IMPRINT) | |
| Place of publication, distribution, etc | Eugene, Or. : |
| Name of publisher, distributor, etc | Harvest House Publishers, |
| Date of publication, distribution, etc | c2007. |
| 264 ## - Production, Publication, Distribution, Manufacture, and Copyright Notice. | |
| Place of production, publication, distribution, manufacture | Eugene, Or. : |
| Name of producer, publisher, distributor, manufacturer | Harvest House Publishers, |
| Date of production, publication, distribution, manufacture, or copyr | 2007. |
| 300 ## - PHYSICAL DESCRIPTION | |
| Extent | 247 p. ; |
| Dimensions | 22 cm. |
| 504 ## - BIBLIOGRAPHY, ETC. NOTE | |
| Bibliography, etc | Includes bibliographical references (p. 243-247). |
| 505 0# - FORMATTED CONTENTS NOTE | |
| Formatted contents note | What is an emotionally destructive relationship? -- The consequences of an emotionally destructive relationship -- What makes relationships difficult and destructive? -- Destructive themes of the heart : pride, anger, and envy -- Destructive themes of the heart : selfishness, laziness, evil, and fear -- The truth about change : you can stop living this way -- The truth about choices : they have not been taken from you -- The truth about speaking up : your voice deserves to be heard -- The truth about standing up : you can become a champion of peace -- God sees you and wants to heal you -- If you let go, you will grow -- When properly nourished, you will thrive. |
| 650 #0 - SUBJECT ADDED ENTRY--TOPICAL TERM | |
| Topical term or geographic name as entry element | Interpersonal relations |
| General subdivision | Religious aspects |
| -- | Christianity. |
| 9 (RLIN) | 101085 |
| 650 #0 - SUBJECT ADDED ENTRY--TOPICAL TERM | |
| Topical term or geographic name as entry element | Emotions |
| General subdivision | Religious aspects |
| -- | Christianity. |
| 9 (RLIN) | 100866 |
| 856 41 - ELECTRONIC LOCATION AND ACCESS | |
| Materials specified | Table of contents only |
| Uniform Resource Identifier | <a href="http://www.loc.gov/catdir/toc/ecip0715/2007014155.html">http://www.loc.gov/catdir/toc/ecip0715/2007014155.html</a> |
| 942 ## - ADDED ENTRY ELEMENTS (KOHA) | |
| Source of classification or shelving scheme | Dewey Decimal Classification |
| Koha item type | BOOK |
| Withdrawn status | Lost status | Source of classification or shelving scheme | Damaged status | Not for loan | Collection code | Home library | Current library | Shelving location | Date acquired | Source of acquisition | Total Checkouts | Total Renewals | Full call number | Barcode | Date last seen | Date checked out | Cost, replacement price | Price effective from | Koha item type |
|---|---|---|---|---|---|---|---|---|---|---|---|---|---|---|---|---|---|---|---|
| Dewey Decimal Classification | General NonFiction | Wasatch County Library | Wasatch County Library | Second Floor | 11/07/2024 | Amazon | 2 | 1 | 248.8 Vernick | 34301002136796 | 02/26/2026 | 01/21/2025 | 17.99 | 11/07/2024 | BOOK |
